Kandidátské státy EU: Slovinsko
Snahy Slovinska o vstup do Európskej únie. Stručná ekonomická-politická charakteristika Slovinska. Základné ekonomické ukazovatele.
Na minha lista:
| Autor principal: | |
|---|---|
| Formato: | Capítulo de Livro |
| Idioma: | tcheco |
| Assuntos: | |
| Tags: |
Sem tags, seja o primeiro a adicionar uma tag!
|
MARC
| LEADER | 00000naa a2200000 4500 | ||
|---|---|---|---|
| 001 | r038499 | ||
| 005 | 20230920101009.9 | ||
| 041 | 0 | |a cze | |
| 044 | |a CZ | ||
| 245 | 1 | 0 | |a Kandidátské státy EU: Slovinsko |c Zdeněk Lukáš |
| 520 | |a Snahy Slovinska o vstup do Európskej únie. Stručná ekonomická-politická charakteristika Slovinska. Základné ekonomické ukazovatele. | ||
| 610 | 2 | 0 | |a Európska únia |
| 610 | 2 | 0 | |a integrácia ekonomická |
| 610 | 2 | 0 | |a Slovinsko |
| 610 | 2 | 0 | |a situácia hospodárska |
| 610 | 2 | 0 | |a ukazovatele ekonomické |
| 100 | 1 | |a Lukáš, Zdeněk | |